| 000 | 01634nam a2200373Ia 4500 | ||
|---|---|---|---|
| 001 | ebr10022987 | ||
| 003 | CaPaEBR | ||
| 006 | m u | ||
| 007 | cr cn||||||||| | ||
| 008 | 010417s2001 nyu sb 001 0 eng d | ||
| 020 | _z0312299206 | ||
| 040 |
_aCaPaEBR _cCaPaEBR |
||
| 035 | _a(OCoLC)55664212 | ||
| 050 | 1 | 4 |
_aE141 _b.H37 2001eb |
| 100 | 1 |
_aHart, Jonathan Locke, _d1956- |
|
| 245 | 1 | 0 |
_aRepresenting the New World _h[electronic resource] : _bthe English and French uses of the example of Spain / _cJonathan Hart. |
| 260 |
_aNew York ; _aHoundmills, Basingstroke, Hampshire : _bPalgrave, _c2001. |
||
| 300 | _axi, 351 p. | ||
| 504 | _aIncludes bibliographical references (pp. [285]-333) and index. | ||
| 533 |
_aElectronic reproduction. _bPalo Alto, Calif. : _cebrary, _d2011. _nAvailable via World Wide Web. _nAccess may be limited to ebrary affiliated libraries. |
||
| 650 | 0 |
_aImperialism _xHistoriography. |
|
| 650 | 0 |
_aSpaniards _zAmerica _xHistoriography. |
|
| 650 | 0 | _aTravelers' writings, English. | |
| 650 | 0 | _aTravelers' writings, French. | |
| 651 | 0 |
_aAmerica _xColonization _xHistoriography. |
|
| 651 | 0 |
_aAmerica _xColonization _xHistory _vSources. |
|
| 651 | 0 |
_aAmerica _vEarly works to 1800 _xHistory and criticism. |
|
| 651 | 0 |
_aSpain _xColonies _zAmerica _xHistoriography. |
|
| 651 | 0 |
_aSpain _xForeign public opinion _xHistory _vSources. |
|
| 651 | 0 |
_aSpain _xTerritorial expansion _xHistoriography. |
|
| 655 | 7 |
_aElectronic books. _2local |
|
| 710 | 2 | _aebrary, Inc. | |
| 856 | 4 | 0 |
_uhttp://site.ebrary.com/lib/rucke/Doc?id=10022987 _zAn electronic book accessible through the World Wide Web; click to view |
| 999 |
_c7654 _d7654 |
||